UBT Library

Matisse : (Record no. 1042)

000 -LEADER
fixed length control field 00541nam a22001817a 4500
008 - FIXED-LENGTH DATA ELEMENTS--GENERAL INFORMATION
fixed length control field 150612b xxu||||| |||| 00| 0 eng d
020 ## - INTERNATIONAL STANDARD BOOK NUMBER
International Standard Book Number 0894681974
041 0# - LANGUAGE CODE
Language code of text/sound track or separate title eng
080 ## - UNIVERSAL DECIMAL CLASSIFICATION NUMBER
Universal Decimal Classification number 79.071
100 ## - Rafti
Rafti Flam, Jack D.
245 00 - TITLE STATEMENT
Title Matisse :
Statement of responsibility, etc Jack Flam.
260 ## -
-- Washington, D.C. :
-- National Gallery of Art,
-- 1993.
300 ## -
-- 392 f. :
-- me il. :
-- 35 cm.
505 ## -
-- Index : f. 389-392
650 #0 -
-- Mural painting and decoration, French
650 #0 -
-- Pikturë murale dhe dekorimet, Frëngjisht
942 ## - ADDED ENTRY ELEMENTS (KOHA)
Source of classification or shelving scheme
Item type Books
Holdings
Withdrawn status Lost status Source of classification or shelving scheme Damaged status Not for loan Collection code Permanent location Current location Shelving location Date acquired Total Checkouts Full call number Barcode Date last seen Price effective from Koha item type
          Koleksioni i përgjithshem UBT - Lipjan UBT - Lipjan Koleksioni i përgjithshem 06/12/2015   79.071 MAT 0894681974 06/12/2015 06/12/2015 Books
UBT Library © 2015-2024. All rights reserved University Education for Business and Technology